| 000 | 01098nam a22003257i 4500 | ||
|---|---|---|---|
| 003 | EG-GICUC | ||
| 005 | 20260121101502.0 | ||
| 008 | 251214s1953 uk ||||fr|||| 001 0 eng d | ||
| 040 |
_aEG-GiCUC _beng _cEG-GiCUC _dEG-GiCUC _erda |
||
| 041 | _aeng | ||
| 082 | 0 | 4 |
_221 _a341.22 _bBR . L |
| 092 | 0 | 4 | _221 |
| 099 | _aLaw1 11 341.22 BR . L 2 ed - 1953 | ||
| 100 | 1 |
_aBriggs, Herbert W., _d1900-1990, _eeditor. |
|
| 245 | 1 | 4 |
_aThe Law Of Nations : _bCases, Documents, And Notes / _cHerbert W.Briggs, _h |
| 250 | _aSecond edition | ||
| 264 | 1 |
_aLondon : _bStevens & sons Limited, _c1953. |
|
| 300 |
_axxvii, 1108 pages ; _c24 cm. |
||
| 336 |
_2rda content _atext |
||
| 337 |
_2rda media _aComputer |
||
| 338 |
_2rda carrier _aOnline Resource |
||
| 490 | 0 |
_aThe Library of World Affairs ; _v22. |
|
| 504 | _aBibliography: page xxv-xxvii. Includes bibliographical references | ||
| 546 | _aText in English | ||
| 650 | 1 | 4 |
_aLeague of Nations _xInternational law _2qrmak |
| 651 | 1 | _2qrmak | |
| 856 | 4 | 0 | _uhttps://fll.law.cu.edu.eg/fulltext/bks/B11-05219.pdf |
| 905 | _a75 | ||
| 942 |
_2ddc _cBK _e21 _n0 |
||
| 999 |
_c50421 _d50421 |
||